| Tag |
First Indicator |
Second Indicator |
Subfields |
| LEADER |
00000cam a22000008a 4500 |
| 001 |
in00000069508 |
| 005 |
20151008054455.0 |
| 008 |
810326s1981 njua b 10100 eng |
| 010 |
|
|
|a 81065017
|
| 020 |
|
|
|a 0865980373 :
|c $35.00 (est.)
|
| 035 |
|
|
|a (OCoLC)07329540
|
| 035 |
|
|
|9 AAJ0770AM
|
| 039 |
0 |
|
|a 2
|b 3
|c 3
|d 3
|e 3
|
| 040 |
|
|
|a DLC
|c DLC
|d TXA
|d UtOrBLW
|
| 049 |
|
|
|a TXAM
|c [1672502], 2 [1504856]
|
| 050 |
0 |
0 |
|a SB975
|b B56
|
| 082 |
0 |
|
|a 632/.96
|2 19
|
| 245 |
0 |
0 |
|a Biological control in crop production /
|c George C. Papavizas, chairman.
|
| 263 |
|
|
|a 8107
|
| 264 |
|
1 |
|a Totowa, N.J. :
|b Allanheld, Osmun ;
|a London :
|b Granada,
|c 1981.
|
| 300 |
|
|
|a ix, 461 pages :
|b illustrations ;
|c 25 cm.
|
| 336 |
|
|
|a text
|b txt
|2 rdacontent
|
| 337 |
|
|
|a unmediated
|b n
|2 rdamedia
|
| 338 |
|
|
|a volume
|b nc
|2 rdacarrier
|
| 490 |
1 |
|
|a Beltsville symposia in agricultural research ;
|v 5
|
| 500 |
|
|
|a Papers presented at an annual symposium organized by BARC Symposium V Committee; sponsored by and held at Beltsville Agricultural Research Center, Md., May 18-21, 1980.
|
| 504 |
|
|
|a Includes bibliographies and indexes.
|
| 650 |
|
0 |
|a Pests
|x Biological control
|v Congresses.
|
| 650 |
|
0 |
|a Plants, Protection of
|v Congresses.
|
| 700 |
1 |
|
|a Papavizas, George Constantine,
|d 1922-
|
| 710 |
2 |
|
|a BARC Symposium V Committee.
|
| 710 |
2 |
|
|a Beltsville Agricultural Research Center.
|
| 830 |
|
0 |
|a Beltsville symposia in agricultural research ;
|v 5.
|
| 999 |
|
|
|a MARS
|
| 999 |
f |
f |
|s c9f42310-5cf4-31f0-8f4f-9d9bcbdfa6dc
|i 82a2f4ca-3556-3330-b009-68a669789fe0
|t 0
|
| 952 |
f |
f |
|p ric
|a Texas A&M University
|b Rellis Campus
|c Joint Library Facility
|d Remote Storage
|t 0
|e SB975 B56
|h Library of Congress classification
|i unmediated -- volume
|m A14806414717
|
| 998 |
f |
f |
|a SB975 B56
|t 0
|l Remote Storage
|